有時幸,有時傷 (Record no. 7655)
[ view plain ]
| 000 -LEADER | |
|---|---|
| fixed length control field | 00869cam a2200313 i 4500 |
| 001 - CONTROL NUMBER | |
| control field | 1039323704004786 |
| 003 - CONTROL NUMBER IDENTIFIER | |
| control field | YEEZEN |
| 005 - DATE AND TIME OF LATEST TRANSACTION | |
| control field | 20250711142348.0 |
| 008 - FIXED-LENGTH DATA ELEMENTS--GENERAL INFORMATION | |
| fixed length control field | 250328s2024 ch 000 edchi d |
| 020 ## - INTERNATIONAL STANDARD BOOK NUMBER | |
| International Standard Book Number | 9786263585539 |
| Qualifying information | (平裝) |
| 040 ## - CATALOGING SOURCE | |
| Original cataloging agency | NTU |
| Language of cataloging | chi |
| Description conventions | rda |
| Transcribing agency | NTU |
| 042 ## - AUTHENTICATION CODE | |
| Authentication code | nbic |
| 066 ## - CHARACTER SETS PRESENT | |
| Primary G0 character set | $1 |
| 084 ## - OTHER CLASSIFICATION NUMBER | |
| Classification number | 863.55 |
| Number source | ncsclt |
| 090 ## - LOCALLY ASSIGNED LC-TYPE CALL NUMBER (OCLC); LOCAL CALL NUMBER (RLIN) | |
| Classification number (OCLC) (R) ; Classification number, CALL (RLIN) (NR) | 863.55 |
| 100 1# - MAIN ENTRY--PERSONAL NAME | |
| Personal name | 張西, |
| Dates associated with a name | 1992- |
| Relator code | aut. |
| 245 10 - TITLE STATEMENT | |
| Title | 有時幸,有時傷 |
| Statement of responsibility, etc. | 張西著 |
| 250 ## - EDITION STATEMENT | |
| Edition statement | 初版 |
| 260 ## - PUBLICATION, DISTRIBUTION, ETC. | |
| Place of publication, distribution, etc. | 台北市 : |
| Name of publisher, distributor, etc. | 三采文化發行 |
| Date of publication, distribution, etc. | 2024.12 |
| 264 #1 - PRODUCTION, PUBLICATION, DISTRIBUTION, MANUFACTURE, AND COPYRIGHT NOTICE | |
| Place of production, publication, distribution, manufacture | [臺灣] : |
| Name of producer, publisher, distributor, manufacturer | [出版者不詳], |
| Date of production, publication, distribution, manufacture, or copyright notice | 2024.12 |
| 264 #2 - PRODUCTION, PUBLICATION, DISTRIBUTION, MANUFACTURE, AND COPYRIGHT NOTICE | |
| Place of production, publication, distribution, manufacture | 台北市 : |
| Name of producer, publisher, distributor, manufacturer | 三采文化發行 |
| 300 ## - PHYSICAL DESCRIPTION | |
| Extent | 335面 ; |
| Dimensions | 20公分 |
| 336 ## - CONTENT TYPE | |
| Content type term | 文字 |
| Content type code | txt |
| Source | rdacontent. |
| 337 ## - MEDIA TYPE | |
| Media type term | 無媒介 |
| Media type code | n |
| Source | rdamedia. |
| 338 ## - CARRIER TYPE | |
| Carrier type term | 成冊 |
| Carrier type code | nc |
| Source | rdacarrier. |
| 490 0# - SERIES STATEMENT | |
| Series statement | 愛寫 ; |
| Volume/sequential designation | 62. |
| 650 #7 - SUBJECT ADDED ENTRY--TOPICAL TERM | |
| Topical term or geographic name entry element | 散文. |
| Source of heading or term | lcstt. |
| 942 ## - ADDED ENTRY ELEMENTS (KOHA) | |
| Source of classification or shelving scheme | 中文圖書分類法 |
| Koha item type | 一般圖書 |
| 撤銷狀態 | 遺失狀態 | 分類號來源 | 損壞狀態 | 不外借 | 永久館藏地 | 現在館藏地 | 書架位置 | 採購日期 | 全部借出 | 完整索書號 | 條碼號 | 最後一次日期記錄 | Date last checked out | 一般價格有效日期 | Koha館藏類型 | 公開資訊 |
|---|---|---|---|---|---|---|---|---|---|---|---|---|---|---|---|---|
| 未註銷館藏 | 未遺失 | 中文圖書分類法 | 未損毀 | 可外借 | 怡仁綜合醫院圖書館 | 怡仁綜合醫院圖書館 | 2025-07-11 | 1 | 863.55 | C03244 | 2025-08-08 | 2025-07-25 | 2025-07-11 | 一般圖書 | 當命運短時間內,不斷取走生命原有的豐盛; 當失去,以悲傷的樣貌頻繁來到,還能幸福如常嗎? 被命運狠狠劃傷的你我,新生的那層皮,粉嫩而赤裸。 新生皮囊承載著舊傷的繭,繼續一口一口體會。 生命的幸與傷。 |